| 000 | 00435nam a2200145 i 4500 | ||
|---|---|---|---|
| 001 | bg | ||
| 245 | 0 |
_aĆwiczenia laboratoryjne z ogrzewnictwa, wentylacji i klimatyzacji : _bpraca zbiorowa / _cpod red. T. Trojanowskiego. Cz.1. |
|
| 260 |
_aŁódź, _c1980. |
||
| 700 | 1 |
_aTrojanowski, Tadeusz. _eRed. |
|
| 040 | _cBPK | ||
| 041 | _apol | ||
| 080 | _a697+628.8](075.8)(076) | ||
| 942 | _cKS | ||
| 008 | s pl f |000 0 pol | ||
| 999 |
_c19070 _d19070 |
||
| 856 |
_uhttp://koha.tu.koszalin.pl/cgi-bin/koha/opac-detail.pl?biblionumber=19070 _yKatalog online BPK |
||